000 00742na a2200277 4500
001 14152
003 MIRAKIL
005 20181213154833.0
008 161102b tu 000 0
020 _a9758007467
035 _a14152
040 _aMilas
_btur
_cTR-AnCHP
082 _a181
_bR25h 1998
090 _a181 R25h 1998
100 _aRampa, Lobsang
245 _aHermit
_bDünyanın evrensel sahipleri
_cLobsang Rampa ; çeviren: Muzaffer Suar
246 _aDünyanın evrensel sahipleri
250 _a2. bs.
260 _aİstanbul
_bRuh ve Madde yayınları
_c1998
300 _a184 s.
_c19 sm.
650 _aBudizm
650 _aDoğu felsefesi
650 _aMetafizik
700 _aSuar, Muzaffer
942 _2ddc
_cBKS
999 _c1764
_d1764